| Tag |
First Indicator |
Second Indicator |
Subfields |
| LEADER |
00000cam a2200000 a 4500 |
| 001 |
in00000085576 |
| 005 |
20151008061540.0 |
| 008 |
780901r1978 xx d b 00010 eng d |
| 035 |
|
|
|a (OCoLC)04184793
|
| 035 |
|
|
|9 AAJ8298AM
|
| 040 |
|
|
|a YUS
|c YUS
|d m.c.
|d TXA
|d UtOrBLW
|
| 043 |
|
|
|a f------
|
| 049 |
|
|
|a TXAM
|c [1387567]
|
| 090 |
|
|
|a HD1538.A2
|b P43
|
| 245 |
0 |
0 |
|a Peasants in Africa /
|c edited by Alan K. Smith, Claude E. Welch, Jr.
|
| 264 |
|
1 |
|a [Place of publication not identified] :
|b Crossroads Press,
|c [1978]
|
| 264 |
|
4 |
|c ©1978
|
| 300 |
|
|
|a 130 pages :
|b diagrams ;
|c 23 cm.
|
| 336 |
|
|
|a text
|b txt
|2 rdacontent
|
| 337 |
|
|
|a unmediated
|b n
|2 rdamedia
|
| 338 |
|
|
|a volume
|b nc
|2 rdacarrier
|
| 500 |
|
|
|a "Material in this volume first appeared in the African Studies Review, volume XX, number 3, Dec. 1977."
|
| 504 |
|
|
|a Includes bibliographies.
|
| 650 |
|
0 |
|a Peasants
|z Africa.
|
| 700 |
1 |
|
|a Smith, Alan K.
|
| 700 |
1 |
|
|a Welch, Claude Emerson.
|
| 999 |
|
|
|a MARS
|
| 999 |
f |
f |
|s 98d47749-bb67-3d9e-8ba2-853bb57d4704
|i fad8d2c0-eca8-35a6-9885-c3defd19a574
|t 0
|
| 952 |
f |
f |
|p ric
|a Texas A&M University
|b Rellis Campus
|c Joint Library Facility
|d Remote Storage
|t 0
|e HD1538.A2 P43
|h Library of Congress classification
|i unmediated -- volume
|m A14806126398
|
| 998 |
f |
f |
|a HD1538.A2 P43
|t 0
|l Remote Storage
|